02319agaaa2200301 45000010005000000030009000050050017000140070009000310080040000400400023000800410013001031000047001161300028001632450203001912500022003942600109004163000033005255080204005585110086007625200844008485380016016925460013017086500056017217000059017777000061018367000056018977000064019538755IT-RoPAU20220918181230.0d cvaizq50131s9999||||xx ||| | || ||und|| aIT-RoPAUcIT-RoPAU aITALIANO aCavani LilianagCodice regista SPICS: 8251 aDOVE SIETE? IO SONO QUI aDOVE SIETE? IO SONO QUIcProdotto da: Bertolucci Giuseppe -- Sceneggiatura: Cavani Liliana Moscati Italo -- Diretto da: Cavani LilianapDOVE SIETE? IO SONO QUI (Rif. Codice opera principale : C8755) aEdizione Standard a(ITALIA)bSAN FRANCISCO - RAI / Distribuzione: SKORPIONg"1993 (1° ed.: 1993 ; Ed. Lingua Orig.: 1993)" aVHSbsonoro, col.c95 minuti a"Fotografia: Nannuzzi Armando; Montaggio: Nicolini Angelo; Musica: Donaggio Pino; Sceneggiatura: Cavani Liliana Moscati Italo; Scenografia: Ricceri Luciano; Soggetto: Cavani Liliana -- Moscati Italo" a"Caselli Chiara; Carotenuto Gaetano; Bonaiuto Anna; D'Obici Valeria; Nobili Ines" aUNA STORIA D'AMORE FRA DUE RAGAZZI NON UDENTI CHE NASCE IN MEZZO ALL'OSTILITA' E ALL'INDIFFERENZA DI MOLTI. FAUSTO E' DI FAMIGLIA BENESTANTE E HA UNAMADRE CHE LO OBBLIGA A DIMENTICARE IL SUO HANDICAP FORZANDOLO A COMPORTARSI DA NORMALE. ELENA FIGLIA DI OPERAI HA DOVUTO ABBANDONARE IL LICEO PERCHE'LA SCUOLA NON LE FORNICA INSEGNAMENTI SPECIALIZZATI E NON RIUSCIVA A CAPIRE LE LEZIONI. SI INCONTRANO E TROVANO INSIEME LA FORZA DI REAGIRE: FAUSTO ALLA IPOCRISIA CHE GLI IMPEDISCE DI RICONOSCERSI PER QUEL CHE E', ELENA ALLASFIDUCIA E ALLE BARRIERE DI OGNI TIPO CHE LA OSTACOLANO NEL SUO DESIDERIO DI STUDIARE E DI RAGGIUNGERE METE CONSENTITE AGLI ALTRI. L'ESAME DI MATURITA' DI ELENA CHE FAUSTO HA CONVINTO A TORNARE A SCUOLA E' IL BANCO DI PROVA DEI LORO SENTIMENTI E DELLA SCOMMESSA DI VITA CHE HANNO INTRAPRESO. FILM DRAMMATICO A COLORI. aPAL, STEREO aITALIANO aDRAMMATICOeFILMS [VHS]xCodice MATERIA SPICS: 9960 aCavani Liliana e(regista)gCodice regista SPICS: 8251 aCavani Liliana e(soggetto)gCodice Soggetto SPICS: 8251 aDonaggio Pinoe(musica)gCodice Musica SPICS: 13658 aMoscati Italo e(soggetto)gCodice Soggetto 2° SPICS: 3518